Datum a čas kvízu
18
Celkem bodů
Celkový počet nahraných bodů na tomto kvízu bez doplňovacích otázek.
11.
Pořadí na kvízu
Konečné umístění týmu na tomto kvízu.
Zaznamenané odpovědi
| # | Otázka | Odpověď | Body | Výsledky |
|---|---|---|---|---|
| 1. | Vedle kanceláře poslance SPD R... | 0 | ||
| 2. | Anglická motoristická žurnalis... | 1 | ||
| 3. | Česká televize v loňském roce... | 0 | ||
| 4. | Evropská unie vydala ve středu... | 0 | ||
| 5. | Minulý týden se začala prodáva... | 0 | ||
| 6. | Vzpomeňme v tomto tématu na zř... | 0 | ||
| 7. | Vyberte nepravdivé tvrzení o F... | 0 | ||
| 8. | Ze kterého Formanova filmu je... | 1 | ||
| 9. | „Ježíši Kriste, přechytračil j... | 0 | ||
| 10. | V roce 1979 natočil Miloš Form... | 0 |